000 00291nam a2200121Ia 4500
008 240719s9999 xx 000 0 und d
041 _aeng
082 _a823 DHO
100 _aDhondy, Farrukh
245 _aHawk And Hyena
260 _aNew Delhi
_bCopper Coin
_c2021
300 _a142 P.; 20 Cm.
999 _c41159
_d41159